000 00621nam a22001937a 4500
999 _c9488
_d9488
003 AR-CdUCM
008 190328b ||||| |||| 00| 0 spa d
040 _aMUNICIPALIDAD PROVINCIAL DEL CUSCO
_cBIBLIOTECA MUNICIPAL DEL CUSCO
082 _a868.6 /
_bSO72A / 1935
100 _aSouviron, José María
_914644
245 _aAmarilis :
_bun amor de Lope de Vega /
260 _aSantiago de Chile :
_bErcilla,
_c1935.
300 _a121 páginas ;
_c20 cm.
650 _aNovela
_95
650 _aVega Carpio, Lope Félix de
_925713
700 _aSánchez, Luis Alberto (prólogo)
_99717
942 _2ddc
_cLIBROS
945 _azta